Flyover Countries #3 - Statistics

General Stats
  • This quiz has been taken 1,259 times
  • The average score is 16 of 20
Answer Stats
clue country % Correct
Beijing, Moscow Mongolia
99%
Copenhagen, Helsinki Sweden
99%
Bali, Auckland Australia
94%
Tokyo, Mexico City United States
94%
Damascus, Tehran Iraq
90%
Milan, Zagreb Slovenia
89%
Bern, Innsbruck Liechtenstein
85%
Sarajevo, Bucharest Serbia
85%
Guatemala City, Managua El Salvador
84%
Istanbul, Beirut Cyprus
80%
Pyongyang, Okinawa South Korea
80%
Tokyo, Ho Chi Minh City Taiwan
79%
Tunis, Alexandria Malta
74%
Jakarta, Nauru Papua New Guinea
72%
Sana'a, Addis Ababa Eritrea
71%
Anatananarivo, Harare Mozambique
71%
Brazzaville, Yaoundé Gabon
66%
Kabul, Manama Iran
64%
Ashgabat, Dushanbe Uzbekistan
58%
Santo Domingo, Bridgetown Saint Lucia
46%
No matching quizzes found
Score Distribution
Percent of People with Each Score
Percentile by Number Answered
Your Score History
You have not taken this quiz